000 00429nam a2200181Ia 4500
008 210210b2017 xxu||||| |||| 00| 0 eng d
020 _a9788184957969
041 _aeng
082 _a823.914 MANM
100 _aMANUEL (Mark)
245 _aMoryaa re!
260 _aAhmedabad
_bJaico Publishing House
_c2017
300 _axi,507
650 _are!
650 _aMoryaa
690 _aIndian English Fiction
906 _a071941
999 _c121850
_d121850